000 00664nam a2200229 a 4500
001 43219
003 BD-RjUL
005 20211209053650.0
008 160620s1946 nyu 000 0 eng d
035 _a(BD-RjUL)43337
035 _a96669
040 _aANL
_beng
_cANL
_dBD-RjUL
041 _aeng
082 _a376.8743
_bJOB 1946
100 1 _aJones, Barbara Slatter
_9132742
245 1 0 _aBennington college :
_bthe development of an educational idea /
_cby Barbara Jones.
260 _aNew York ;
_aLondon :
_bHarper & brothers,
_c1946
300 _a239 p. ;
_c22 cm.
610 2 0 _aBennington College.
_9132743
942 _2ddc
_cBK
999 _c43219
_d43219